Introduction to funcional analysis

Đã lưu trong:
Chi tiết về thư mục
Tác giả chính: Taylor, Angus E (Tác giả)
Định dạng: Sách
Ngôn ngữ:Tiếng Anh
Được phát hành: Nueva York John Wiley and Sons 1958
Những chủ đề:
Các nhãn: Thêm thẻ
Không có thẻ, Là người đầu tiên thẻ bản ghi này!

MARC

LEADER 00000nam a2200000 a 4500
001 UCP0310
003 CL-VaPUC
008 990305e19580000US |||||||||||||||||eng|d
082 0 4 |a 515.7  |b TAY  |2 21 
100 0 |a Taylor, Angus E  |e author  |9 425492 
245 1 0 |a Introduction to funcional analysis 
300 |a 423 p 
942 |c BK 
945 |d 19990305 00:00:00  |a crobeson 
260 |a Nueva York  |b John Wiley and Sons  |c 1958 
650 0 |a Análisis funcional   |9 269993 
650 0 |a Topología   |9 260092 
650 0 |a Análisis espectral   |9 315304 
650 0 |a Álgebras de Banach  |9 271249 
583 |a last modification  |c 19990305 00:00:00  |k Rodrigo Vera 
999 |c 279136  |d 279134 
952 |0 0  |1 0  |4 0  |6 515_700000000000000_TAY_1958  |7 0  |8 A  |9 318056  |a BIBMAT  |b BIBMAT  |d 2019-11-20  |i 1323806  |o 515.7 TAY 1958  |p 1323806  |r 2025-01-07  |w 2019-11-20  |y BK  |k MAT